LEADER 01214nam0 22003131i 450 001 UON00387847 005 20231205104558.362 010 $a88-07-10405-9 100 $a20110127d2006 |0itac50 ba 101 $aita 102 $aIT 105 $a|||| 1|||| 200 1 $aIngegneri di anime$fFrank Westerman$gtraduzione di Franco Paris 210 $aMilano$cFeltrinelli$d2006 215 $a235 p., [2] c. di tav. geogr.$cill.$d22 cm. 410 1$1001UON00066184$12001 $aCampi del sapere 500 1$3UON00391621$aIngenieurs van de ziel$913394 606 $aLetteratura e politica$xUnione Sovietica$3UONC077978$2FI 620 $aIT$dMilano$3UONL000005 676 $a891.7090042$cLetteratura russa. 1917-1945$v21 700 1$aWESTERMAN$bFrank$3UONV201536$0596438 702 1$aParis$bFranco$3UONV153196 712 $aFeltrinelli$3UONV246160$4650 801 $aIT$bSOL$c20251031$gRICA 899 $aSIBA - SISTEMA BIBLIOTECARIO DI ATENEO$2UONSI 912 $aUON00387847 950 $aSIBA - SISTEMA BIBLIOTECARIO DI ATENEO$dSI Oland X WES $eSI LO 75956 5 996 $aIngenieurs van de ziel$913394 997 $aUNIOR